000 00825nam a2200241Ia 4500
003 OSt
005 20220923221643.0
006 a|||||r|||| 00| 0
007 ta
008 220922b |||||||| |||| 00| 0 hin d
024 _a199,062
037 _cTextual
040 _aARTS
_cARTS
_bhin
041 _2hin
_ahin
082 _aP152,9D.237, 152L7
100 _aजोशी, एल0 डी0
245 0 _aबागड़ी बोली का स्वरुप और तुलनात्मक अध्ययन
246 _aBāgaड़ī bolī kā svarup aur tulanātmak adhyayana
260 _aजयपुर
_b पंचशील प्रका0
_c1977
300 _a182पृ.
_ccm.
942 _hP152,9D.237, 152L7
_cTEXL
_2CC
999 _c350841
_d350841